| 000 | 005540000a22001570004500 | ||
|---|---|---|---|
| 003 | MACL | ||
| 005 | 20180728131622.0 | ||
| 008 | 180728b xxu||||| |||| 00| 0 eng d | ||
| 040 | _cmacl | ||
| 100 |
_aरॉबिन शर्मा _972818 |
||
| 245 | _aसंन्यासी जिसने अपनी संपत्ति बेच दी | ||
| 260 |
_aमुम्बई _bजयको पब्लिशिंग हाउस _c2010 |
||
| 350 | _a150 | ||
| 650 |
_aसामान्य वर्ग _936 |
||
| 942 |
_cHIN _k080 _2ddc |
||
| 999 |
_c45771 _d45771 |
||